| 000 | 00542nam a2200205Ia 4500 | ||
|---|---|---|---|
| 003 | OSt | ||
| 005 | 20220819111938.0 | ||
| 008 | 220819b |||||||| |||| 00| 0 eng d | ||
| 020 | _a0070578044 | ||
| 040 | _cIFM Library | ||
| 082 | _a330 | ||
| 100 |
_aZiegler, Lawrence F. _91699 |
||
| 245 | _aStudy Guide to Accompany Schiller: The Economy Today | ||
| 250 | _a7th ed. | ||
| 260 |
_aNew York: _bMcGraw-Hill, _c1997 |
||
| 300 | _axi, 666p.: ill.; 28cm | ||
| 650 |
_aEconomics _9895 |
||
| 700 |
_aWilson, Linda _91700 |
||
| 942 |
_cBK _2ddc _n0 |
||
| 999 |
_c7190 _d7190 |
||